Vplyv darčekových predmetov (suvenírov) ako propagačného aspektu pre domáci cestovný ruch na Slovensku
Preskúmanie vplyvu darčekových predmetov (suvenírov) medzi obyvateľmi Slovenska a ich význam pre propagáciu domáceho cestovného ruchu.
Saved in:
| Main Author: | |
|---|---|
| Other Authors: | |
| Format: | Book Chapter |
| Language: | Slovak |
| Subjects: | |
| Tags: |
No Tags, Be the first to tag this record!
|
MARC
| LEADER | 00000naa$a2200000$$$4500 | ||
|---|---|---|---|
| 001 | 0289796 | ||
| 005 | 20240502074437.6 | ||
| 041 | 0 | |a slo | |
| 044 | |a SK | ||
| 245 | 1 | 0 | |a Vplyv darčekových predmetov (suvenírov) ako propagačného aspektu pre domáci cestovný ruch na Slovensku |c Samuel Chlpek |
| 520 | |a Preskúmanie vplyvu darčekových predmetov (suvenírov) medzi obyvateľmi Slovenska a ich význam pre propagáciu domáceho cestovného ruchu. | ||
| 610 | 2 | 0 | |a dary |
| 610 | 2 | 0 | |a marketing destinačný |
| 610 | 2 | 0 | |a ruch cestovný |
| 610 | 2 | 0 | |a ruch cestovný domáci |
| 610 | 2 | 0 | |a Slovensko |
| 100 | 1 | |a Chlpek, Samuel, 1996- | |
| 700 | 1 | |a Horváthová, Ivana | |